ბათუმის შოთა რუსთაველის სახელმწიფო უნივერსიტეტის ბიბლიოთეკა

Algebra : (ბიბ.ჩანაწერი № 57608)

000 -LEADER
fixed length control field 00935cam a2200301 a 4500
001 - CONTROL NUMBER
control field 15607314
005 - DATE AND TIME OF LATEST TRANSACTION
control field 20200813140620.0
008 - FIXED-LENGTH DATA ELEMENTS--GENERAL INFORMATION
fixed length control field 090202s2009 riua 001 0 eng
010 ## - LIBRARY OF CONGRESS CONTROL NUMBER
LC control number 2009004043
020 ## - INTERNATIONAL STANDARD BOOK NUMBER
International Standard Book Number 9780821847817 (alk. paper)
020 ## - INTERNATIONAL STANDARD BOOK NUMBER
International Standard Book Number 0821847813 (alk. paper)
035 ## - SYSTEM CONTROL NUMBER
System control number (OCoLC)ocn301705973
041 ## - LANGUAGE CODE
Language code of text/sound track or separate title eng
050 00 - LIBRARY OF CONGRESS CALL NUMBER
Classification number QA154.3
Item number .A527 2009
080 ## - UNIVERSAL DECIMAL CLASSIFICATION NUMBER
Universal Decimal Classification number 512 A-30
082 00 - DEWEY DECIMAL CLASSIFICATION NUMBER
Edition number
100 1# - MAIN ENTRY--PERSONAL NAME
Personal name Aluffi, Paolo,
Dates associated with a name 1960-
9 (RLIN) 9217
245 10 - TITLE STATEMENT
Title Algebra :
Remainder of title chapter 0 /
Statement of responsibility, etc. Paolo Aluffi.
264 ## - PRODUCTION, PUBLICATION, DISTRIBUTION, MANUFACTURE, AND COPYRIGHT NOTICE
Place of production, publication, distribution, manufacture Providence, R.I. :
Name of producer, publisher, distributor, manufacturer American Mathematical Society,
Date of production, publication, distribution, manufacture, or copyright notice c2009.
300 ## - PHYSICAL DESCRIPTION
Extent 713 p. :
Other physical details ill. ;
Dimensions 27 cm.
490 1# - SERIES STATEMENT
Series statement Graduate studies in mathematics ;
Volume/sequential designation v. 104
500 ## - GENERAL NOTE
General note Includes index.
650 #0 - SUBJECT ADDED ENTRY--TOPICAL TERM
Topical term or geographic name entry element Algebra
Form subdivision Textbooks.
9 (RLIN) 9218
653 ## - INDEX TERM--UNCONTROLLED
keyword ალგებრა
830 #0 - SERIES ADDED ENTRY--UNIFORM TITLE
Uniform title Graduate studies in mathematics ;
Volume/sequential designation v. 104.
9 (RLIN) 9219
906 ## - LOCAL DATA ELEMENT F, LDF (RLIN)
a 7
b cbc
c orignew
d 1
e ecip
f 20
g y-gencatlg
942 ## - ADDED ENTRY ELEMENTS (KOHA)
Source of classification or shelving scheme
Koha item type წიგნი
ეგზემპლარები
Withdrawn status Lost status Source of classification or shelving scheme Damaged status Not for loan Permanent Location Current Location Shelving location Date acquired Cost, normal purchase price Full call number Barcode Date last seen Copy number Price effective from Koha item type Public note
          ბათუმის შოთა რუსთაველის სახელმწიფო უნივერსიტეტის მთავარი ბიბლიოთეკა ბათუმის შოთა რუსთაველის სახელმწიფო უნივერსიტეტის მთავარი ბიბლიოთეკა წიგნსაცავი 2020-08-13 248.00 512 A-30 60810 2020-08-13 60810 2020-08-13 წიგნი 248 ლ.
          ბათუმის შოთა რუსთაველის სახელმწიფო უნივერსიტეტის მთავარი ბიბლიოთეკა ბათუმის შოთა რუსთაველის სახელმწიფო უნივერსიტეტის მთავარი ბიბლიოთეკა წიგნსაცავი 2020-08-13 248.00 512 A-30 60811 2020-08-13 60811 2020-08-13 წიგნი 248 ლ.